<?xml version="1.0" encoding="UTF-8"?>
<collection xmlns="http://www.loc.gov/MARC21/slim">
 <record>
  <leader>00671pamaa2200181   4500</leader>
  <controlfield tag="001">0000042025</controlfield>
  <controlfield tag="005">20070529090000.0</controlfield>
  <controlfield tag="008">070529                             eng  </controlfield>
  <datafield tag="020" ind1="0" ind2="0">
   <subfield code="a">9812304185 (pbk.) </subfield>
  </datafield>
  <datafield tag="090" ind1="0" ind2="0">
   <subfield code="a">DS523.4.E28 </subfield>
   <subfield code="b">IND 1993</subfield>
  </datafield>
  <datafield tag="245" ind1="1" ind2="0">
   <subfield code="a">INDIAN communities in Southeast Asia  </subfield>
   <subfield code="c">edited by K.S. Sandhu and A. Mani.</subfield>
  </datafield>
  <datafield tag="260" ind1="0" ind2="0">
   <subfield code="a">Singapore: </subfield>
   <subfield code="b">Times Academic Press and Institute of Southeast Asian Studies, </subfield>
   <subfield code="c">1993.</subfield>
  </datafield>
  <datafield tag="300" ind1=" " ind2=" ">
   <subfield code="a">xxii, 983 p.: </subfield>
   <subfield code="b">ill., maps; </subfield>
   <subfield code="c">23 cm.</subfield>
  </datafield>
  <datafield tag="504" ind1="0" ind2="0">
   <subfield code="a">Includes bibliographical references</subfield>
  </datafield>
  <datafield tag="650" ind1="0" ind2="0">
   <subfield code="a">East Indians -- </subfield>
   <subfield code="x">Southeast Asia -- </subfield>
   <subfield code="x">History </subfield>
  </datafield>
  <datafield tag="650" ind1="0" ind2="0">
   <subfield code="a">Southeast Asia -- </subfield>
   <subfield code="x">Ethnic relations </subfield>
  </datafield>
  <datafield tag="700" ind1="1" ind2="1">
   <subfield code="a">K.S.Sandhu </subfield>
  </datafield>
  <datafield tag="700" ind1="1" ind2="1">
   <subfield code="a">A. Mani </subfield>
  </datafield>
 </record>
</collection>
